Can you match the three parts of each celebrity's name? Quiz Stats

 Plays Quiz not verified by Sporcle

Support Sporcle.
Go Orange.
Score 0/20 Timer 10:00
0 Plays Today
% Correct
jennifer
97%
sarah
97%
helena
94.9%
jamie
93.9%
sarah
92.9%
tommy
92.9%
daniel
90.9%
neil
86.9%
anna
83.8%
julia
77.8%
% Correct
david
66.7%
chad
65.7%
anthony
64.6%
marcia
62.6%
jonathan
62.6%
evan
59.6%
john
55.6%
jeffrey
49.5%
sean
48.5%
daniel
45.5%

You're not logged in!

Compare scores with friends on all Sporcle quizzes.
OR
Log In

From the Vault

Blind Secret Country IV

by goc3

For extra points, take this quiz blindfolded.
Remove Ads.
Support Sporcle.
Get the best of Sporcle when you Go Orange. This ad-free experience offers more features, more stats, and more fun while also helping to support Sporcle. Thank you for becoming a member.

Show Comments

Extras

Top Quizzes Today


Score Distribution

Your Account Isn't Verified!

In order to create a playlist on Sporcle, you need to verify the email address you used during registration. Go to your Sporcle Settings to finish the process.

Report this User

Report this user for behavior that violates our Community Guidelines.

Details: